Super Smash Bros. Fighters #37 - The Lucas Quiz - Statistics

General Stats
  • This quiz has been taken 82 times
  • The average score is 8 of 13
Answer Stats
Hint Answer % Correct
Who is Lucas' brother? Claus
79%
What year was Mother 3 released in? 2006
77%
What console was Mother 3 released on? GBA
71%
What console was Mother 3 originally going to release for? N64
71%
What is Lucas' signature weapon? Stick
70%
Who is the main villain of Mother 3? Porky
68%
Who are Lucas' other party members? Boney
64%
Which Nintendo president infamously did not bring Mother 3 to America? Reggie Fils-Aimé
61%
Who are Lucas' other party members? Duster
46%
Who is Lucas' mom? Hinawa
46%
Who are Lucas' other party members? Kumatora
46%
What is Lucas' signature PSI attack? PK Love
34%
What village is Lucas from? Tazmily Village
21%
No matching quizzes found
Score Distribution
Percent of People with Each Score
Percentile by Number Answered
Your Score History
You have not taken this quiz